Normal view
MARC view
Entry Personal Name
001 - CONTROL NUMBER
- control field: 96682
003 - CONTROL NUMBER IDENTIFIER
- control field: OSt
005 - DATE AND TIME OF LATEST TRANSACTION
- control field: 20220918201052.0
008 - FIXED-LENGTH DATA ELEMENTS
- fixed length control field: 220918|| aca||aabn | a|a d
040 ## - CATALOGING SOURCE
- Original cataloging agency: OSt
- Transcribing agency: OSt
100 ## - HEADING--PERSONAL NAME
- Personal name: Heichelheim Fritz M
670 ## - SOURCE DATA FOUND
- Source citation: Work cat.: (OSt)215171: Heichelheim Fritz M, Ancient economic history from the palaeolithic age to the migrations to the Germanic, slavic and Arabic nations tr by Joyce Stevens, 1970
